Noble Gases - Sudden Death - Statistics

General Stats
  • This quiz has been taken 44 times
  • The average score is 5 of 6
Answers on the Grid
Answers color-coded by a green-red scale on the quiz's grid according to % correct below.
Argon
Bismuth
Chlorine
Flourine
Helium
Iron
Krypton
Lithium
Neon
Nitrogen
Radon
Xenon
 
Answer Stats
Answer % Correct
Neon
89%
Argon
86%
Xenon
86%
Krypton
80%
Helium
77%
Radon
77%
No matching quizzes found
Score Distribution
Percent of People with Each Score
Percentile by Number Answered
Your Score History
You have not taken this quiz